| 000 | 00614nam a2200193 a 4500 | ||
|---|---|---|---|
| 001 | 0347 | ||
| 005 | 20140414132016.0 | ||
| 008 | 040910s19uu xx 00 eng d | ||
| 020 | _a0-09-968191-9 | ||
| 050 |
_aTR _bB41 2000 |
||
| 100 | _aBlathwayt, Benedict | ||
| 245 |
_aBella goes to the sea / _cBenedict Blathwayt. |
||
| 260 |
_aLondon : _bRed Fox, _c2000. |
||
| 300 | _a1 v.p. : ill. ; cm. | ||
| 520 | _aWilliam the fisherman is very cross when Bella follows his boat out of the sea - but how lcuky for him that she does! | ||
| 650 |
_aGoose _xFiction. |
||
| 650 |
_aFisherman _xFiction. |
||
| 999 |
_c113364 _d113364 |
||